| 000 | 01263cam a2200385 a 4500 | ||
|---|---|---|---|
| 001 | 3350 | ||
| 003 | FISKH | ||
| 005 | 20240229093936.0 | ||
| 008 | 040624s2004 nyu j 000 1 eng | ||
| 010 | _a 2004054232 | ||
| 020 | _a0786818603 | ||
| 020 | _a725961007997 | ||
| 040 |
_aDLC _cDLC _dDLC _beng |
||
| 042 | _alcac | ||
| 050 | 0 | 0 |
_aPZ7.S92475 _bGo 2004 |
| 082 | 0 | 0 |
_a[Fic] _222 |
| 100 | 1 | _aStroud, Jonathan. | |
| 245 | 1 | 4 |
_aThe golem's eye / _cJonathan Stroud. |
| 260 |
_aNew York : _bHyperion Books for Children, _c2004. |
||
| 300 |
_a562 pages ; _c20 cm. |
||
| 490 | 1 |
_aThe Bartimaeus trilogy ; _vBook 2 |
|
| 500 | _a"Miramax books." | ||
| 520 | _aIn their continuing adventures, magician's apprentice Nathaniel, now fourteen years old, and the djinni Bartimaeus travel to Prague to locate the source of a golem's power before it destroys London. | ||
| 650 | 1 |
_aMagic _vFiction. |
|
| 650 | 1 |
_aApprentices _vFiction. |
|
| 650 | 1 |
_aGenies _vFiction. |
|
| 650 | 1 |
_aGolem _vFiction. |
|
| 651 | 1 |
_aPrague (Czech Republic) _vFiction. |
|
| 651 | 1 |
_aCzech Republic _vFiction. |
|
| 651 | 1 |
_aLondon (England) _vFiction. |
|
| 651 | 1 |
_aEngland _vFiction. |
|
| 906 |
_a7 _bcbc _corignew _d1 _eocip _f20 _gy-gencatlg |
||
| 942 |
_2ddc _cBK _n0 |
||
| 999 |
_c3350 _d3350 |
||